Doom Eternal- Levels - Statistics

General Stats
  • This quiz has been taken 222 times
    67 since last reset
  • The average score is 12 of 22
Answer Stats
Levels % Correct
Hell on Earth
87%
Super Gore Nest
71%
Urdak
71%
Cultist Base
67%
Final Sin
67%
Doom Hunter Base
64%
Mars Core
64%
Sentinel Prime
62%
Exultia
60%
Taras Nabad
60%
ARC Complex
58%
Nekravol
53%
Nekravol Part II
49%
The Blood Swamps
49%
Immora
47%
The Dark Lord
47%
The World Spear
44%
Reclaimed Earth
42%
The Holt
40%
Fortress of Doom
29%
UAC Atlantica Facility
27%
ARC Carrier
11%
No matching quizzes found
Score Distribution
Percent of People with Each Score
Percentile by Number Answered
Your Score History
You have not taken this quiz since the last reset